| 000 | 00670nam a2200181Ia 4500 | ||
|---|---|---|---|
| 003 | GCL | ||
| 008 | 140319s9999 xx 000 0 ara d | ||
| 040 |
_aGCL / _cGCL |
||
| 082 | 0 | 4 |
_a940.21 _bع ا |
| 100 | 1 | _aعلى المحافظة | |
| 245 | 1 | 0 |
_aالاتجاهات الفكرية عند العرب فى عصر النهضة 1798 - 1914 الاتجاهات الدينية والسياسية والاجتماعية والعلمية / _cعلى المحافظة |
| 300 | _a276 ص | ||
| 490 | _a | ||
| 650 | 0 | 4 | _aالحركات الفكرية عند المسلمين |
| 650 | 0 | 4 | _aالنهضة - عصر |
| 650 | 0 | 4 | _aعصر النهضة (1300 - 1494) |
| 942 |
_2ddc _cBK |
||
| 999 |
_c47865 _d47865 |
||